Designing organizations /
Shranjeno v:
| Glavni avtor: | |
|---|---|
| Format: | Knjiga |
| Jezik: | English |
| Izdano: |
Boston, Mass. :
Irwin,
1994.
|
| Izdaja: | 4th edition. |
| Teme: | |
| Oznake: |
Označite
Brez oznak, prvi označite!
|
| Thư viện lưu trữ: | Mạng thư viện Đại học Đà Nẵng |
|---|
| LEADER | 00931cam a2200373 i 4500 | ||
|---|---|---|---|
| 001 | 000046303 | ||
| 003 | 5765 | ||
| 005 | 20030225113431.0 | ||
| 008 | 010220|1994 vm 000 eng | ||
| 020 | |a 0256116997 | ||
| 040 | |a IRC |c IRC |d IRC | ||
| 041 | 0 | |a eng | |
| 082 | 1 | 4 | |a 658.402 |b RO-D |
| 100 | 1 | |a Robey, Daniel. | |
| 245 | 0 | 0 | |a Designing organizations / |c Daniel Robey. |
| 250 | |a 4th edition. | ||
| 260 | |a Boston, Mass. : |b Irwin, |c 1994. | ||
| 300 | |a ix, 141p. : |b ill. | ||
| 630 | 0 | 4 | |a Management. |
| 630 | 0 | 4 | |a Organizational change. |
| 650 | 0 | 4 | |a Organizational change. |
| 650 | 0 | 4 | |a Management. |
| 650 | 0 | 4 | |a Decision making. |
| 650 | 0 | 4 | |a Organisational behaviour. |
| OWN | |a DUT | ||
| 999 | |a From the UDN01 | ||
| TYP | |a Monograph | ||
| TYP | |a Printed language | ||
| 980 | |a Mạng thư viện Đại học Đà Nẵng | ||


